000 00552nam a22001937a 4500
003 CEME
005 20210628202609.0
008 210122b xxu||||| |||| 00| 0 eng d
020 _a0-07-112672-4
040 _c.
082 _a621.382 KEN
100 _aKennedy, George Davis, Bernard
_960663
245 _aElectronic communication systems
250 _a4TH
260 _aNEW YORK
_bGLENCO, MCGRAW HILL
_c1993
300 _aXV,763 P
650 _aTELECOMMUNICATION.COMMUNICATION SYSTEMS.ELECTRONIC COMMUNICATION SYSTEMS
_960664
942 _cBK
_2ddc
999 _c570343
_d570343